Don Quijote de la Mancha

Uloženo v:
Podrobná bibliografie
Hlavní autor: Cervantes y Saavedra, Miguel de (Autor)
Médium: Kniha
Jazyk:španělština
Vydáno: Buenos Aires Atlántida 1975
Vydání:13a. ed
Edice:Biblioteca Billiken
Témata:
Tagy: Přidat tag
Žádné tagy, Buďte první, kdo vytvoří štítek k tomuto záznamu!

MARC

LEADER 00000nam a2200000 a 4500
001 UCH7089
003 CL-VaPUC
008 091109e19750000AG |||||||||||||||||spa|d
082 0 4 |a 863  |b CER  |2 21 
100 |a Cervantes y Saavedra, Miguel de  |e author  |9 267947 
245 1 0 |a Don Quijote de la Mancha 
250 |a 13a. ed 
300 |a 124 p 
942 |c BK 
945 |d 20091109 00:00:00  |a lazolas 
260 |a Buenos Aires  |b Atlántida  |c 1975 
500 |a versión compendiada 
650 0 |a Novelas españolas  |9 265052 
650 0 |a Literatura española  |9 306261 
583 |a last modification  |c 20091109 00:00:00  |k Rodrigo Vera 
490 0 |a Biblioteca Billiken 
999 |c 337820  |d 337818